| 000 | 00679nam a2200181 a 4500 | ||
|---|---|---|---|
| 001 | 000027240 | ||
| 005 | 20200930030708.0 | ||
| 008 | 100222s1950 dr 001 0 spa d | ||
| 040 |
_aDO-SdBNP _bspa _cBNPHU |
||
| 082 |
_axxxx _bR426c |
||
| 110 | 1 |
_aRepública Dominicana _9447 |
|
| 240 | 1 | 0 | _a[leyes, etc.] |
| 245 | 1 | 0 |
_aCódigo de comercio de la República Dominicana : _bleyes que lo modifican y completan / _cedición Francisco A. Hernández. |
| 260 |
_aCiudad Trujillo, República Dominicana : _bStella, _c1950. |
||
| 300 |
_a188 p. ; _c23 cm. |
||
| 500 | _aIncluye referencias bibliográficas y notas al pie de las páginas | ||
| 700 | 1 |
_aHernández, Francisco A., _eed. _919647 |
|
| 999 |
_c26732 _d26732 |
||